000 01514cam a22004097a 4500
003 CHAP
005 20220329142830.0
008 040604s2003 mx a r 00010 spa d
010 _a88427
011 _a89399
035 _a99950
040 _cCHAP
090 _aTesis
100 0 0 _aQuezada Pulido, Francisco.
_993277
245 1 0 _aEstudio de la salinidad de los suelos mediante un sensor de inducción electromagnética en la zona costera de Nayarit
_c/por Francisco Quezada Pulido
260 _aChapingo, Méx. :
_bEl autor,
_c2003.
300 _a125 h. ;
_bilus. ; gráfs.
502 _aTesis (Ing. Agr. Esp. en Suelos) -- UACH. Departamento de Suelos
530 _aTambién disponible en línea
590 _aALEPH
_b10
_c20130110
_lUCH01
_h1458
590 _aBATCH-UPD
_b10
_c20130110
_lUCH01
_h0431
590 _aBATCH-UPD
_b10
_c20130410
_lUCH01
_h0106
590 _aBATCH-UPD
_b10
_c20130914
_lUCH01
_h1028
590 _aBATCH-UPD
_b10
_c20140324
_lUCH01
_h1445
590 _aBATCH-UPD
_b10
_c20141002
_lUCH01
_h0822
590 _aCONVERSION
_b10
_c20130109
_lUCH01
_h1349
650 1 4 _aConductividad eléctrica.
_926344
650 1 4 _aSalinidad.
_9101733
650 1 4 _aSensores.
_9104426
650 1 4 _aSuelos salinos.
_9110558
856 _3Finding aid
_uhttp://10.13.5.2/tesis/99950.pdf
_zTeclea aqui
901 _aBK
905 _aMayto Villalobos S.
942 _cFOLL
949 _aTesis
_bBC
_cTES
_d33724000926218
_eTS2
_fc.2
_h41451
_i99950
_si
949 _aTesis
_bBC
_cTES
_d99950123
_eTS1
_h41450
_i99950
_sb
999 _c88427
_d88427